Statistics for US States and Canadian Provinces With Wild Whooping Cranes

Click here to take the quiz!

General Stats

  • This quiz has been taken 42 times
  • The average score is 19 of 23

Answer Stats

Province or StateProvince/State% Correct
ProvinceAlberta
90%
StateMontana
90%
StateNorth Dakota
90%
StateSouth Dakota
90%
StateMichigan
86%
StateNebraska
86%
StateOklahoma
86%
ProvinceSaskatchewan
86%
StateTexas
86%
StateWisconsin
86%
StateWyoming
86%
StateColorado
83%
StateIllinois
83%
StateIowa
83%
StateKansas
83%
ProvinceManitoba
83%
StateMinnesota
83%
StateNew Mexico
83%
ProvinceYukon
83%
StateIdaho
79%
StateUtah
76%
ProvinceNorthwest Territories
72%
StateFlorida
69%

Score Distribution

Percentile by Number Answered

Percent of People with Each Score

Your Score History

You have not taken this quiz